Without Their Permission The Story Of Reddit And A Blueprint For How To Change The World (Record no. 41208)

MARC details
000 -LEADER
fixed length control field 00433nam a2200133Ia 4500
008 - FIXED-LENGTH DATA ELEMENTS--GENERAL INFORMATION
fixed length control field 240719s9999 xx 000 0 und d
041 ## - LANGUAGE CODE
Language code of text/sound track or separate title eng
100 ## - MAIN ENTRY--PERSONAL NAME
Personal name Ohanian Alexis
245 ## - TITLE STATEMENT
Title Without Their Permission The Story Of Reddit And A Blueprint For How To Change The World
260 ## - PUBLICATION, DISTRIBUTION, ETC.
Place of publication, distribution, etc. New York
Name of publisher, distributor, etc. Grand Central Publishing
Date of publication, distribution, etc. 2016
300 ## - PHYSICAL DESCRIPTION
Extent 259.; P. 20 Cm
365 ## - TRADE PRICE
Currency code
Price amount 16.99
520 ## - SUMMARY, ETC.
Summary, etc. Gifted By : IMT Faculty Dr.senthil kumar
Holdings
Withdrawn status Lost status Damaged status Not for loan Home library Current library Shelving location Date acquired Total Checkouts Barcode Date last seen Price effective from Koha item type Public note
        IMTN IMTN Rack 3-A 09/05/2023   32903 07/19/2024 07/19/2024 Books Gifted
Designed & Maintained by: LRC IMT Nagpur Contact: lrc@imtnag.ac.in© 2024. All Rights Reserved.